Glocommodification: how the global consumes the local-McDonald's in Israel /
El encuentro entre global - local ha producido una compleja polémica entre "homogeneizadores" y "heterogeneizadores". Llleva la globalización hacia la uniformidad cultural universal, o deja espacio para particularismos y diversidad cultural? Este artículo propone cambiar el campo...
Uloženo v:
| Hlavní autor: | |
|---|---|
| Médium: | Text |
| Témata: | |
| Tagy: |
Přidat tag
Žádné tagy, Buďte první, kdo vytvoří štítek k tomuto záznamu!
|
MARC
| LEADER | 00000 a a2200000 04500 | ||
|---|---|---|---|
| 001 | 4708 | ||
| 003 | |||
| 040 | |||
| 100 | |a Ram, Uri | ||
| 245 | |a Glocommodification: |b how the global consumes the local-McDonald's in Israel / |c Uri Ram | ||
| 500 | |a Resumen también en frances y español en páginas 110-112 | ||
| 520 | |a El encuentro entre global - local ha producido una compleja polémica entre "homogeneizadores" y "heterogeneizadores". Llleva la globalización hacia la uniformidad cultural universal, o deja espacio para particularismos y diversidad cultural? Este artículo propone cambiar el campo de debate de la dicotomía entre homogéneo - heterogéneo a un constructo estructural - simbólico | ||
| 650 | |a GLOBALIZACION | ||
| 650 | |a PLANO LOCAL | ||
| 650 | |a ESTILOS DE VIDA | ||
| 650 | |a ACULTURACION | ||
| 773 | |g volumen 52, número 1; páginas 11-31 | ||
| 999 | |c 20911 |d 20911 | ||
